| 000 | 01260cam a22003617a 4500 | ||
|---|---|---|---|
| 003 | CHAP | ||
| 005 | 20220817041904.0 | ||
| 008 | 971013s1972 r 00010 d | ||
| 010 | _a27810 | ||
| 011 | _a28782 | ||
| 035 | _a32893 | ||
| 040 | _cCHAP | ||
| 082 |
_a378.72 _bK5Y |
||
| 100 | 0 | 0 |
_aKing, Richard G. _963288 |
| 245 | 0 | _aNueve universidades mexicanas ; un análisis de su crecimiento y desarrollo | |
| 260 |
_aMéxico, D. F. : _bAsociación Nacional de Universidades e Institutos de Enseñanza Superior, _c1972 |
||
| 300 | _a213 p. | ||
| 410 | _aANUIES | ||
| 490 | 0 | _aBiblioteca de la educación superior. Serie investigaciones | |
| 590 |
_aBATCH-UPD _b10 _c20130110 _lUCH01 _h1233 |
||
| 590 |
_aBATCH-UPD _b10 _c20130410 _lUCH01 _h0802 |
||
| 590 |
_aBATCH-UPD _b10 _c20130914 _lUCH01 _h0618 |
||
| 590 |
_aCONVERSION _b10 _c20130109 _lUCH01 _h1316 |
||
| 650 | 1 | 4 | _aEducación superior. |
| 650 | 1 | 4 |
_aPolítica educativa _zMéxico. _990561 |
| 650 | 1 | 4 |
_aUniversidades _xMéxico. _9116657 |
| 700 |
_aRangel Guerra, Alfonso. _994601 |
||
| 810 | 0 | 0 |
_aANUIES _96161 |
| 830 | 0 | _aBiblioteca de la educación superior. Serie investigaciones | |
| 901 | _aBK | ||
| 942 | _cLIBRO | ||
| 949 |
_a378.72 K5Y _bBC _cLIBRO _d33724000442067 _eLIBRO _h28295 _i32893 _si |
||
| 999 |
_c27810 _d27810 |
||